Urbania /
Gorde:
| Beste egile batzuk: | , , , , |
|---|---|
| Formatua: | |
| Hizkuntza: | ingelesa |
| Argitaratua: |
[S.l.] :
Trimark Home Video,
[dopo il 1997]
|
| Etiketak: |
Etiketarik gabe, Izan zaitez lehena erregistro honi etiketa jartzen!
|
MARC
| LEADER | 00000ngm a22000007i 4500 | ||
|---|---|---|---|
| 001 | IT\ICCU\UBO\1858597 | ||
| 003 | ItRI | ||
| 005 | 20260124182852.0 | ||
| 008 | 021017s1997 xxu|||||||||||||||k|||||c | ||
| 020 | |a 1588171302 | ||
| 040 | |b ita | ||
| 041 | 7 | |a eng |2 ISO-639-2 | |
| 245 | 0 | 0 | |a Urbania / |c directed by Jon Shear ; Daniel Reitz and Jon Shear. |
| 260 | |a [S.l.] : |b Trimark Home Video, |c [dopo il 1997] | ||
| 300 | |a 1 videocassetta (VHS) ( ca. 105 min.) : |b col., son | ||
| 500 | |a Starring: Dan Futterman, Alan Cumming, Matt Keeslar ... et al. ; produced by Stephanie Golden, Jon Shear and J. Todd Harris | ||
| 500 | |a Descrizione basata sul contenitore. | ||
| 700 | 1 | |a Futterman, Dan |0 IT\ICCU\UBOV\543009 | |
| 700 | 1 | |a Shear, Jon |0 IT\ICCU\UBOV\699526 | |
| 700 | 1 | |a Reitz, Daniel |0 IT\ICCU\UBOV\699527 | |
| 700 | 1 | |a Cumming, Alan |0 IT\ICCU\UBOV\699528 | |
| 700 | 1 | |a Keeslar, Matt |0 IT\ICCU\UBOV\699529 | |
| 942 | |2 ddc |c VM |n 0 | ||
| 952 | |0 0 |1 0 |4 0 |6 VO_696_000000000000000 |7 0 |9 27285 |a BO |b BO |d 2026-01-24 |i 6647 |l 0 |o VO 696 |p BO6647 |r 2026-01-24 18:28:52 |w 2026-01-24 |x [Sebina 5] [1 videocassetta] |y VM |z 1 videocassetta | ||
| 999 | |c 23102 |d 23102 | ||